Tovaroznalectvo návody na cvičenia 2

Uložené v:
Podrobná bibliografia
Hlavný autor: Repka, Ján
Korporativný autor: Vysoká škola ekonomická v Bratislave. Obchodná fakulta
Médium: Kniha
Jazyk:Slovak
Vydavateľské údaje: Bratislava VŠE 1984
Tagy: Pridať tag
Žiadne tagy, Buďte prvý, kto otaguje tento záznam!

MARC

LEADER 00000nam a2200000 4500
001 c114736
005 20221220085831.6
041 0 |a slo 
044 |a SK 
245 1 0 |a Tovaroznalectvo  |b návody na cvičenia 2  |c Ján Repka a kol. 
264 1 |a Bratislava  |b VŠE  |c 1984 
300 |a 221 s. 
100 1 |a Repka, Ján 
710 2 |a Vysoká škola ekonomická v Bratislave. Obchodná fakulta